000 00448nam a2200145Ia 4500
008 100204s9999 xx 000 0 und d
082 _b23665
100 _aभावे राम
245 _aबहुरूपी वामन
260 _b"पुष्प प्रकाशन , पुणे"
_c1999
300 _a168
630 _aबहुरूपी वामन
730 _aबहुरूपी वामन
942 _cBOOK
999 _c468920
_d468917